000 00595nam a2200229 i 4500
001 C2-0029068
003 PPAK
005 20190630222023.0
008 970205s1981 enka|||| ||||| | eng d
020 _a0862560322
040 _aPPAK
_beng
_cPPAK
_erda
082 0 4 _a771.3
_223
090 0 0 _a771.3
_bBOS
_dK
100 1 _aBostrom, Roald,
_eauthor
245 1 0 _aCameras
264 1 _aOxford :
_bBlackwell Raintree ,
_c1981
300 _a48 pages :
_billustrations ;
_c23 cm
336 _2rdacontent
_atext
337 _2rdamedia
_aunmediated
338 _2rdacarrier
_avolume
942 _ddc
_cB
999 _c5496
_d5496